Vista normal
Vista MARC
Entrada Personal Name
Número de registros utilizados en: 1
001 - CONTROL NUMBER
- control field: 16860
003 - CONTROL NUMBER IDENTIFIER
- control field: DLC
005 - DATE AND TIME OF LATEST TRANSACTION
- control field: 20250313102723.0
008 - FIXED-LENGTH DATA ELEMENTS
- fixed length control field: 811019n| azannaabn |n aaa
010 ## - LIBRARY OF CONGRESS CONTROL NUMBER
- LC control number: n 81040509
035 ## - SYSTEM CONTROL NUMBER
- System control number: (OCoLC)oca00586116
040 ## - CATALOGING SOURCE
- Original cataloging agency: DLC
- Language of cataloging: spa
- Description conventions: rda
- Transcribing agency: Mx-PuUPA
- Modifying agency: DLC
- Modifying agency: OCoLC
- Modifying agency: MoSU
- Modifying agency: Mx-PuUPA
046 ## - SPECIAL CODED DATES
- Birth date: 19410313
- Source of date scheme: edtf
053 #0 - LC CLASSIFICATION NUMBER
- Classification number element--single number or beginning number of span: PQ6662.A57
100 1# - HEADING--PERSONAL NAME
- Personal name: Lamet, Pedro Miguel,
- Dates associated with a name: 1941-
370 ## - ASSOCIATED PLACE
- Place of birth: Cádiz (España)
- Associated country: España
- Source of term: naf
373 ## - ASSOCIATED GROUP
- Associated group: Jesuitas
- Source of term: naf
374 ## - OCCUPATION
- Occupation: Biógrafo
- Occupation: Autor
- Source of term: lcsh
375 ## - GENDER
- Gender: hombre
377 ## - ASSOCIATED LANGUAGE
- Language code: spa
670 ## - SOURCE DATA FOUND
- Source citation: El alegre cansancio, 1965.
670 ## - SOURCE DATA FOUND
- Source citation: Arrupe, testigo del siglo XX, profeta del XXI, 2016:
- Information found: title page (Pedro Miguel Lamet) jacket flap (Pedro Miguel Lamet, SJ; born 1941 in Cádiz; author of numerous works of biography and history; has taught aesthetics and film history at a number of universities)
670 ## - SOURCE DATA FOUND
- Source citation: Spanish Wikipedia, viewed September 21, 2017
- Information found: (Pedro Miguel Lamet; born March 13, 1941, in Cádiz; Spanish Jesuit, essayist and author; has written 47 books, including works of poetry, novels, and biographies)